Presidential Prepositions Quiz Stats

 Plays Quiz Updated May 13, 2018

Challenge
Share
Tweet
Embed
Score 0/13 Timer 02:00
0 Plays Today
Preposition Pattern Presidential Surname % Correct
F O R _Ford
96.9%
_ _ _ _ I N _ _ O NWashington
87.3%
_ _ _ _ _ O NMadison/Jackson/Johnson
85.8%
_ I N _ _ _ _Lincoln
82.2%
_ _ I N _ O NClinton
81.5%
_ _ O V E RHoover
76.9%
_ _ _ O NNixon
74.1%
_ _ _ _ _ _ _ O NJefferson
68.2%
_ O N _ _ _Monroe
56.4%
_ _ _ _ _ _ O NHarrison
51.6%
_ _ _ _ I N _Harding
48.9%
_ _ _ _ O NWilson
47%
_ _ _ I N _ _ _McKinley
28.5%

You're not logged in!

Compare scores with friends on all Sporcle quizzes.
OR
Log In

You Might Also Like...

Show Comments

Extras

Top Quizzes Today


Score Distribution

Your Account Isn't Verified!

In order to create a playlist on Sporcle, you need to verify the email address you used during registration. Go to your Sporcle Settings to finish the process.

Report this User

Report this user for behavior that violates our Community Guidelines.

Details: